000 00804nam a2200229 i 4500
001 78688
003 ES-MaACL
005 20250928131700.0
007 t|
008 041015s1958 sp ||||1| spa d
080 _a929 Norrman, Herman
100 1 _aHedberg, Nils.
_962291
245 1 0 _aJosé Martí y el artista Norrman :
_bcomentarios sobre un retrato /
_cpor Nils Hedberg.
260 _aMadrid :
_bÍnsula,
_c1958 (
_fS. Aguirre Torre)
300 _a121 p., 1 lám. ;
_c21 cm.
594 _aPrecede al tít.: Instituto Ibero-Americano Gotemburgo Suecia.
600 1 4 _aMartí, José,
_d1853-1895-
_xRetratos
_9173016
600 1 4 _aNorrman, Herman,
_d1864-1906
_9173015
710 2 _aInstituto Ibero-Americano (Göteborg)
_95089
852 _aES-MaACL
_jC-17236
999 _c78688
_d78688